00476 2200193 4500001002100000005001500021035002000036020001800056082000800074100001700082245001400099250000600113260004100119500002400160008004100184084001400225300002200239990002100261INLIS00000000001889320240418093055 a0010-0617002298 a979-3600-96-9 aFIK0 aNinit yunita1 aTest Pack a9 aJakarta Selatan :bGagasMedia,c2005 axiv, 202 hlm; 19 cm240418 g 0 ind  aFIK NIN t a202 halaman ;c19 a7100/b/kpad/2012